[Event "ITA-ch Seniors 65 44th"]
[Site "Macerata"]
[Date "2022.10.02"]
[Round "9"]
[White "Serpilli, Paolo"]
[Black "Gabrielli, Edoardo"]
[Result "1-0"]
[WhiteElo "1777"]
[BlackElo "1362"]
[PlyCount "71"]
[EventDate "2022.09.25"]
[EventType "swiss"]
[EventRounds "9"]
[EventCountry "ITA"]
[SourceTitle "EXT 2024"]
[Source "ChessBase"]
[SourceDate "2023.10.10"]
[SourceVersion "1"]
[SourceVersionDate "2023.10.10"]
[SourceQuality "1"]

1. c4 d5 2. cxd5 Qxd5 3. Nc3 Qd8 4. g3 g6 5. Bg2 Bg7 6. Nf3 e6 7. 0-0 Ne7 8. d4 0-0 9. e4 Nd7 10. Be3 b6 11. Rc1 Ba6 12. Re1 Rc8 13. Qa4 Nb8 14. b4 c6 15. Bf4 b5 16. Qa3 Qb6 17. Bd6 Qb7 18. e5 Rfd8 19. Ne4 Nf5 20. Nc5 Qb6 21. Bxb8 Rxb8 22. Nxa6 Rbc8 23. Red1 Ne7 24. Nc5 Nd5 25. Ng5 Ne7 26. Nge4 Nf5 27. Qc3 Qc7 28. Bh3 Ne7 29. Nd6 Nd5 30. Qb3 Rxd6 31. exd6 Qxd6 32. Bg2 Ne7 33. Qd3 Rc7 34. a3 Rc8 35. Bh3 Qc7 36. Nxe6 1-0